000 00689nam a2200241Ia 4500
005 20260430150110.0
008 008 250103s9999 xx 000 0 eng d
037 _aTheses
040 _aCRL
040 _beng
040 _ceng
041 _2eng
041 _aeng
084 _qCRL
100 _aDinesh Kumar Au.; Saluja Daman Gu.
_91236456
245 0 _aInvestigate the role of miRNAs in the pathogenesis of coronary artery disearse
260 _c2021
300 _a216p.
650 _aScience
700 _aUniversity of Delhi. Faculty of Medical Sciences. Department of B.R. Ambedkar Center for Biomedical Resarch
_91236457
942 _cTH
999 _c1848940
_d1848940